|
|
|
|
| LEADER |
00000nam0a2200000 4500 |
| 001 |
41100 |
| 005 |
20250225063225.0 |
| 035 |
|
|
|a (RuTPU)RU\TPU\book\42169
|
| 090 |
|
|
|a 41100
|
| 100 |
|
|
|a 20020605d2002 k y0rusy50 ca
|
| 101 |
0 |
|
|a rus
|
| 102 |
|
|
|a RU
|
| 105 |
|
|
|a y dm 001zy
|
| 200 |
1 |
|
|a Тензоэлектрические свойства и надежность приборов на основе арсенида галлия
|e автореферат диссертации на соискание ученой степени доктора технических наук:
|e Спец. 01.04.10
|f Н. П. Криворотов
|g Томский государственный университет; Г. Ф. Караваев
|
| 210 |
|
|
|a Томск
|c [Б. и.]
|d 2002
|
| 215 |
|
|
|a 34 с.
|
| 320 |
|
|
|a Библиогр.: с. 31-35.
|
| 452 |
|
1 |
|0 (RuTPU)RU\TPU\book\43863
|t Тензоэлектрические свойства и надежность приборов на основе арсенида галлия
|o Автореферат диссертации на соискание ученой степени кандидата технических наук:
|f Н. П. Криворотов
|g Томский Государственный Университет; Науч. конс.: Г. Ф. Караваев
|c Томск
|n Б.и.
|d 2002
|a Криворотов, Николай Павлович
|
| 610 |
1 |
|
|a электроника
|
| 610 |
1 |
|
|a полупроводниковые приборы
|
| 610 |
1 |
|
|a галлия арсенид
|
| 610 |
1 |
|
|a отказы
|
| 610 |
1 |
|
|a надежность
|
| 610 |
1 |
|
|a тензоэлектрические свойства
|
| 610 |
1 |
|
|a туннельные переходы
|
| 610 |
1 |
|
|a излучающие диоды
|
| 610 |
1 |
|
|a туннельная спектроскопия
|
| 610 |
1 |
|
|a СВЧ-диоды
|
| 610 |
1 |
|
|a тензопреобразователи
|
| 610 |
1 |
|
|a давление
|
| 610 |
1 |
|
|a авторефераты диссертаций
|
| 675 |
|
|
|a 621.382.2(04)
|v 3
|
| 686 |
|
|
|a 01.04.10
|2 oksvnk
|
| 700 |
|
1 |
|a Криворотов
|b Н. П.
|g Николай Павлович
|
| 702 |
|
1 |
|a Караваев
|b Г. Ф.
|4 695
|
| 712 |
0 |
2 |
|a Томский государственный университет
|c 1917-2009
|7 ca
|8 rus
|2 stltpush
|3 (RuTPU)RU\TPU\col\397
|9 23396
|
| 801 |
|
1 |
|a RU
|b 63413507
|c 20020605
|g PSBO
|
| 801 |
|
2 |
|a RU
|b 63413507
|c 20071029
|g PSBO
|
| 942 |
|
|
|c BK
|